Religious conversion in India : (Record no. 17650)

MARC details
000 -LEADER
fixed length control field 00842nam a22002297a 4500
005 - DATE AND TIME OF LATEST TRANSACTION
control field 20081022121358.0
008 - FIXED-LENGTH DATA ELEMENTS--GENERAL INFORMATION
fixed length control field 081022t xxu||||| |||| 00| 0 eng d
010 ## - LIBRARY OF CONGRESS CONTROL NUMBER
LC control number ENG-84312
020 ## - INTERNATIONAL STANDARD BOOK NUMBER
International Standard Book Number 0195689046
020 ## - INTERNATIONAL STANDARD BOOK NUMBER
Terms of availability 345.00 (pbk)
035 ## - SYSTEM CONTROL NUMBER
System control number EN-67845
082 ## - DEWEY DECIMAL CLASSIFICATION NUMBER
Classification number 280.24 / REL
245 ## - TITLE STATEMENT
Title Religious conversion in India :
Remainder of title modes, motivations and meanings /
Statement of responsibility, etc edited by Rowena Robinson and Sathianathan Clarke
260 ## - PUBLICATION, DISTRIBUTION, ETC. (IMPRINT)
Place of publication, distribution, etc New Delhi
Name of publisher, distributor, etc Oxford University Press
260 ## - PUBLICATION, DISTRIBUTION, ETC. (IMPRINT)
Date of publication, distribution, etc 2007
300 ## - PHYSICAL DESCRIPTION
Extent xv, 420p
Dimensions 22cm
500 ## - GENERAL NOTE
General note Includes index
700 ## - ADDED ENTRY--PERSONAL NAME
Personal name Clarke, Sathianathan
Titles and other words associated with a name ed
700 ## - ADDED ENTRY--PERSONAL NAME
Personal name Robinson, Rowena
Titles and other words associated with a name ed
942 ## - ADDED ENTRY ELEMENTS (KOHA)
Source of classification or shelving scheme Dewey Decimal Classification
Koha item type English Books
Classification part 280.24
Call number suffix REL
Holdings
Withdrawn status Lost status Source of classification or shelving scheme Damaged status Not for loan Collection code Home library Current library Date acquired Cost, normal purchase price Total Checkouts Full call number Barcode Date last seen Copy number Cost, replacement price Price effective from Koha item type
    Dewey Decimal Classification   Not For Loan Non-fiction D.B.Act.Division D.B.Act.Division 28/02/2007 345.00   280.24 REL EN-67845 04/11/2008 1 345.00 04/11/2008 English Books

© Delhi Public Library
Hit Counter
free hit counter